Most Soccer Trophies - Statistics

General Stats
  • This quiz has been taken 38 times
  • The average score is 16 of 52
Answer Stats
Country Club League Cup Super Cup Europe World Total % Correct
England Manchester United 22 17 21 6 2 68
91%
Germany Bayern Munich 30 26 7 9 2 72
89%
France PSG 10 22 9 2 0 41
83%
Italy Juventus 37 13 8 9 2 69
80%
Netherlands Ajax 34 19 9 9 2 63
77%
Spain Real Madrid 34 21 11 19 7 82
71%
Greece Olympiacos 45 30 4 0 0 79
66%
Belgium Anderlecht 36 12 13 4 0 66
63%
Czech Republic Sparta Prague 33 15 2 0 0 50
63%
Denmark Copenhagen 13 11 3 0 0 27
57%
Croatia Dinamo Zagreb 32 23 6 0 0 61
57%
Portugal Benfica 37 36 8 2 0 83
54%
Serbia Red Star Belgrade 31 25 2 1 1 60
54%
Poland Legia Warsaw 14 19 4 0 0 37
51%
Scotland Rangers 57 60 1 1 0 119
51%
Russia Spartak Moscow 23 14 1 0 0 38
46%
Cyprus APOEL 28 21 14 0 0 63
43%
Turkey Galatasaray 22 18 16 2 0 58
43%
Belarus BATE Borisov 19 4 7 0 0 30
40%
Albania Tirana 26 16 11 0 0 52
37%
Ukraine Dynamo Kyiv 30 23 12 3 0 73
34%
Israel Maccabi Tel Aviv 23 25 7 2 0 57
31%
Norway Rosenborg 26 12 3 1 0 42
31%
Finland HJK Helsinki 29 18 0 0 0 47
29%
Romania Steaua Bucharest 26 26 6 2 0 60
29%
Bulgaria Levski Sofia 26 35 3 0 0 64
26%
Austria Austria Wien 24 28 6 0 0 59
23%
Switzerland Grasshopper 27 21 1 0 0 49
23%
Georgia Dinamo Tbilisi 19 15 7 0 0 41
20%
Northern Ireland Linfield 54 53 43 0 0 150
20%
Slovenia Maribor 21 22 4 1 0 47
20%
Azerbaijan Qarabag 10 7 1 0 0 18
17%
Republic of Ireland Shamrock Rovers 18 46 18 0 0 82
17%
Sweden IFK Goteborg 42 19 1 2 0 65
14%
Slovakia Slovan Bratislava 28 21 4 1 0 54
14%
Gibraltar Lincoln Red Imps 24 46 0 0 0 70
11%
Moldova Sheriff Tiraspol 19 10 8 0 0 37
11%
Hungary Ferencvarosi 32 25 6 0 0 62
9%
Armenia Pyunik 14 8 9 0 0 31
9%
Bosnia and Herzegovina FK Sarajevo 8 8 1 0 0 17
6%
Kazakhstan Kairat 5 10 2 0 0 17
6%
Wales The New Saints 13 16 0 0 0 3
6%
Montenegro Buducnost Podgorica 8 4 0 0 0 12
3%
San Marino Tre Fiori 8 11 1 0 0 20
3%
Estonia FC Flora 12 10 10 0 0 32
0%
Andorra FC Santa Coloma 13 10 7 0 0 50
0%
North Macedonia FK Vardar 11 18 2 0 0 31
0%
Faroe Islands HB Torshavn 23 27 3 0 0 53
0%
Luxembourg Jeunesse Esch 29 13 0 0 0 42
0%
Iceland KR Reyjkavik 27 22 6 0 0 55
0%
Kosovo Prishtina 20 7 9 0 0 36
0%
Malta Sliema Wandrers 27 21 3 0 0 52
0%
No matching quizzes found
Score Distribution
Percent of People with Each Score
Percentile by Number Answered
Your Score History
You have not taken this quiz